Shiva Trilogy of Amish Tripathi: (Record no. 186880)

MARC details
000 -LEADER
fixed length control field 00564nam a22001817a 4500
005 - DATE AND TIME OF LATEST TRANSACTION
control field 20220322142759.0
010 ## - LCCN (DPL NO)
LC control number ENG-132061
020 ## - INTERNATIONAL STANDARD BOOK NUMBER
International Standard Book Number 9788171921645
Terms of availability 925.00
035 ## - SYSTEM CONTROL NUMBER
System control number EN-115593
037 ## - SOURCE OF ACQUISITION
Source of stock number/acquisition DBAD/PUB
082 ## - DEWEY DECIMAL CLASSIFICATION NUMBER
Classification number 823.92
100 ## - MAIN ENTRY--PERSONAL NAME
Personal name Gupta, Ashish
245 ## - TITLE STATEMENT
Title Shiva Trilogy of Amish Tripathi:
Remainder of title Views and Reviews/
Statement of responsibility, etc Ashish Gupta
260 ## - PUBLICATION, DISTRIBUTION, ETC. (IMPRINT)
Place of publication, distribution, etc Nagpur
Name of publisher, distributor, etc Dattson
Date of publication, distribution, etc 2019
270 ## - ADDRESS
Address Jawaharlal Nehru Marg Sadar,
Electronic mail address dattsopublishers@gmail.com
City Nagpur
Postal code 440001
300 ## - PHYSICAL DESCRIPTION
Extent 164p
Other physical details Index
Dimensions 22cm(hbk)
942 ## - ADDED ENTRY ELEMENTS (KOHA)
Source of classification or shelving scheme Dewey Decimal Classification
Item type English Books
Call number suffix GUP
Classification part 832.92
Holdings
Withdrawn status Lost status Not for loan Collection code Home library Current library Date acquired Source of acquisition Cost, normal purchase price Full call number Barcode Copy number Cost, replacement price Koha item type
      Non-fiction Patel Nagar Patel Nagar 22/03/2022 DBAD/PUB 925.00 832.92 GUP EN-115593 1 925.00 English Books

© Delhi Public Library
Hit Counter
free hit counter